000
00214nam a2200097Ia 4500
008
220204s9999 xx 000 0 und d
082
_a
82-3
_b
KAY
100
_a
Kaye, M M
245
0
_a
Shadow of the moon
942
_c
BK
999
_c
38765
_d
38765